000 01226nam a22002297a 4500
008 100623t2008 xxu||||gr|||| 000 0 ara d
020 _a9772366436
082 _222
_a658
_bه و ا
100 _915105
_aالهوارى،سيد
245 _aالإدارة :
_bالأصول و الأسس العلميةللقرن ال21/
_cسيد الهوارى .
260 _aالقاهرة:
_bدار الجيل للطباعة،
_c2008.
300 _a568؛ص
_c24سم.
500 _aيحتوى على إرجاعات ببليوجرافية
504 _aيحتوى على إرجاعلت ببليوجرافية
650 _914798
_aالإدارة
650 _914801
_aالتنظيم
650 _914799
_aالتخطيط
942 _2ddc
_cBB
999 _c14178
_d14178